[Event "Druga liga Srbije grupa Vojvodina 2011"]
[Site "Vrbas"]
[Date "2011.09.26"]
[Round "2.1"]
[White "Indjic, Dusan"]
[Black "Roganovic, Milos"]
[Result "0-1"]
[WhiteElo "2283"]
[BlackElo "2480"]
[PlyCount "60"]
[EventDate "2011.09.25"]

1. d4 Nf6 2. Nf3 g6 3. c4 Bg7 4. Nc3 d5 5. cxd5 Nxd5 6. e4 Nxc3 7. bxc3 c5 8.
Be3 Qa5 9. Qd2 O-O 10. Rc1 b6 11. d5 e6 12. c4 Qxd2+ 13. Nxd2 Na6 14. Bd3 f5
15. exf5 gxf5 16. dxe6 Bxe6 17. f4 Nb4 18. Bb1 Rad8 19. Ke2 Rfe8 20. Nf3 Bb2
21. Ne5 Bxc1 22. Rxc1 Rd6 23. h3 Nc6 24. g4 fxg4 25. Nxc6 Rxc6 26. f5 gxh3 27.
Kf3 Bxf5 28. Bxf5 Rf6 29. Rg1+ Kf7 30. Rg5 Re5 0-1

[Event "Druga liga Srbije grupa Vojvodina 2011"]
[Site "Vrbas"]
[Date "2011.09.26"]
[Round "2.1"]
[White "Sipos, Istvan"]
[Black "Petakov, Uros"]
[Result "0-1"]
[WhiteElo "2452"]
[BlackElo "2352"]
[PlyCount "84"]
[EventDate "2011.09.25"]

1. c4 e5 2. Nc3 Nf6 3. Nf3 d6 4. d4 Nbd7 5. g3 Be7 6. Bg2 O-O 7. O-O Re8 8. e4
Bf8 9. h3 c6 10. Re1 a6 11. Qc2 Qc7 12. Bg5 h6 13. Be3 b5 14. cxb5 cxb5 15. a3
Bb7 16. Nh4 Rac8 17. d5 Nb6 18. Qe2 Nc4 19. Bc1 Qb6 20. Qf3 Qd8 21. Nf5 Nd7 22.
h4 Nc5 23. Qd1 Rc7 24. Ra2 Bc8 25. Ne3 Bd7 26. b4 Nb7 27. Qb3 Qc8 28. Nxc4 Rxc4
29. Bd2 Bh3 30. Bxh3 Qxh3 31. a4 f5 32. axb5 axb5 33. Nxb5 f4 34. Ra7 Rc2 35.
Rd1 Rec8 36. Ra3 R8c3 37. Qxc3 Rxc3 38. Rxc3 Qg4 39. Re1 Be7 40. Kh2 Bxh4 41.
gxf4 Bxf2 42. Rf1 Qe2 0-1

[Event "Druga liga Srbije grupa Vojvodina 2011"]
[Site "Vrbas"]
[Date "2011.09.26"]
[Round "2.1"]
[White "Stanojevic, Branko"]
[Black "Dekic, Josip"]
[Result "1/2-1/2"]
[WhiteElo "2282"]
[BlackElo "2306"]
[PlyCount "33"]
[EventDate "2011.09.25"]

1. Nf3 Nf6 2. g3 g6 3. b3 Bg7 4. Bb2 O-O 5. Bg2 d5 6. c4 c6 7. O-O Bf5 8. d3
Re8 9. Nbd2 a5 10. a3 Na6 11. Qc2 Rc8 12. Rfe1 b5 13. e4 dxe4 14. Nxe4 Nxe4 15.
dxe4 Bxb2 16. Qxb2 Bg4 17. Ne5 1/2-1/2

[Event "Druga liga Srbije grupa Vojvodina 2011"]
[Site "Vrbas"]
[Date "2011.09.26"]
[Round "2.1"]
[White "Tokovic, Svetozar"]
[Black "Kovacevic, Dragan"]
[Result "1/2-1/2"]
[WhiteElo "2219"]
[BlackElo "2236"]
[PlyCount "81"]
[EventDate "2011.09.25"]

1. e4 d6 2. d4 Nf6 3. Nc3 c6 4. Nf3 Qa5 5. Bd2 e5 6. dxe5 dxe5 7. Nd5 Qd8 8.
Nxf6+ gxf6 9. Bc4 Nd7 10. Qe2 h5 11. O-O-O b5 12. Bb3 Qc7 13. Nh4 a5 14. a3 Nc5
15. Be3 Nxb3+ 16. cxb3 Be6 17. Qd3 a4 18. bxa4 Rxa4 19. Nf5 b4 20. axb4 Rxb4
21. Nd6+ Bxd6 22. Qxd6 Rc4+ 23. Kb1 Qxd6 24. Rxd6 Ke7 25. Rd3 f5 26. Ra3 f4 27.
Bd2 Rxe4 28. Re1 Rxe1+ 29. Bxe1 Bd5 30. Bc3 Ke6 31. g3 f3 32. Kc1 h4 33. Kd2 f5
34. Ra4 hxg3 35. hxg3 Be4 36. Ra5 Bd5 37. Ra4 Bb3 38. Rh4 Rd8+ 39. Ke3 Bd1 40.
Rh6+ Kd5 41. Rf6 1/2-1/2

[Event "Druga liga Srbije grupa Vojvodina 2011"]
[Site "Vrbas"]
[Date "2011.09.26"]
[Round "2.1"]
[White "Skoko, Milan"]
[Black "Strangar, Zlatko"]
[Result "1/2-1/2"]
[WhiteElo "2218"]
[BlackElo "2203"]
[PlyCount "82"]
[EventDate "2011.09.25"]

1. e4 e6 2. d4 d5 3. Nd2 Nf6 4. e5 Nfd7 5. Bd3 c5 6. c3 Nc6 7. Ne2 cxd4 8. cxd4
f6 9. exf6 Nxf6 10. O-O Bd6 11. Nf3 Qc7 12. Bg5 O-O 13. Rc1 Bd7 14. Bh4 Rae8
15. Bg3 Qb8 16. a3 e5 17. dxe5 Nxe5 18. Nxe5 Bxe5 19. b4 Qd6 20. Qd2 Ng4 21.
Bb1 Bb5 22. Bd3 Bxg3 23. Nxg3 Bxd3 24. Qxd3 Nxf2 25. Qd4 Rf4 26. Qxa7 Ng4 27.
Rxf4 Qxf4 28. Rf1 Qe5 29. Qc5 h5 30. Rd1 b6 31. Qxb6 Nxh2 32. Nf1 Nxf1 33. Rxf1
d4 34. Qg6 Qe3+ 35. Kh1 Qe2 36. Rf3 Re6 37. Qf7+ Kh7 38. Qf5+ Kg8 39. Qf7+ Kh7
40. Qf5+ Kg8 41. Qf7+ Kh7 1/2-1/2

[Event "Druga liga Srbije grupa Vojvodina 2011"]
[Site "Vrbas"]
[Date "2011.09.26"]
[Round "2.3"]
[White "Sertic, Rudolf"]
[Black "Markovic, Milovan"]
[Result "0-1"]
[WhiteElo "2430"]
[BlackElo "2248"]
[PlyCount "94"]
[EventDate "2011.09.25"]

1. d4 d5 2. Nf3 Nf6 3. c4 c6 4. Qc2 g6 5. Nbd2 Bg7 6. e3 O-O 7. Bd3 Nbd7 8. O-O
Re8 9. b3 Nf8 10. Bb2 Be6 11. Ng5 Bd7 12. f4 Ng4 13. Rae1 f6 14. Ngf3 Nh6 15.
h3 Bf5 16. e4 dxe4 17. Nxe4 Qc7 18. Nc5 Bc8 19. b4 b6 20. Nb3 Bf5 21. g4 Bxd3
22. Qxd3 g5 23. Kh1 gxf4 24. g5 Nf7 25. gxf6 exf6 26. Nbd2 Qd7 27. Kh2 Qd6 28.
Ne4 Qxb4 29. Bc3 Qa3 30. Rg1 Ng6 31. h4 f5 32. Ned2 Nh6 33. Kh3 Ng4 34. Ref1
Nh6 35. Re1 Rxe1 36. Rxe1 c5 37. h5 cxd4 38. Nb1 Qf8 39. Nxd4 Ne5 40. Qf1 Qf7
41. Qxf4 Qxh5+ 42. Kg3 Nd3 43. Qd6 f4+ 44. Kg2 Nxe1+ 45. Bxe1 Re8 46. Bf2 Bxd4
47. Qxd4 f3+ 0-1

[Event "Druga liga Srbije grupa Vojvodina 2011"]
[Site "Vrbas"]
[Date "2011.09.26"]
[Round "2.3"]
[White "Pezelj, Novak"]
[Black "Vujadinovic, Goran"]
[Result "1-0"]
[WhiteElo "2373"]
[BlackElo "2370"]
[PlyCount "53"]
[EventDate "2011.09.25"]

1. e4 d6 2. d4 g6 3. Nc3 Bg7 4. Bg5 c6 5. Qd2 b5 6. f4 Qb6 7. Nf3 Bg4 8. O-O-O
b4 9. Ne2 Nf6 10. Bxf6 Bxf6 11. h3 Bxf3 12. gxf3 Nd7 13. h4 Qa5 14. Kb1 Rb8 15.
h5 Nb6 16. Nc1 Na4 17. Nb3 Qc7 18. e5 Bg7 19. hxg6 hxg6 20. Rxh8+ Bxh8 21. Qh2
Kd7 22. Qh3+ e6 23. d5 cxd5 24. Rxd5 Rb6 25. Bb5+ Rxb5 26. Rxb5 Qc6 27. Ra5 1-0

[Event "Druga liga Srbije grupa Vojvodina 2011"]
[Site "Vrbas"]
[Date "2011.09.26"]
[Round "2.3"]
[White "Milojevic, Dusan"]
[Black "Mastrapovic, Vladimir"]
[Result "0-1"]
[WhiteElo "2186"]
[BlackElo "2260"]
[PlyCount "34"]
[EventDate "2011.09.25"]

1. d4 Nf6 2. c4 g6 3. Nc3 d5 4. Nf3 Bg7 5. g3 O-O 6. cxd5 Nxd5 7. Qb3 Nb6 8.
Bf4 Be6 9. Qd1 Nc6 10. e3 h6 11. h4 Rc8 12. Qb1 Nd5 13. h5 Nxf4 14. gxf4 Bg4
15. Qe4 Bf5 16. Qd5 Qxd5 17. Nxd5 Be4 0-1

[Event "Druga liga Srbije grupa Vojvodina 2011"]
[Site "Vrbas"]
[Date "2011.09.26"]
[Round "2.3"]
[White "Marcak, Dejan"]
[Black "Pezelj, Sinisa"]
[Result "1-0"]
[WhiteElo "2154"]
[BlackElo "2146"]
[PlyCount "37"]
[EventDate "2011.09.25"]

1. e4 e5 2. Nf3 Nc6 3. Bc4 Bc5 4. c3 Nf6 5. d4 exd4 6. O-O dxc3 7. e5 Ng4 8.
Bxf7+ Kxf7 9. Ng5+ Ke8 10. Qxg4 d6 11. e6 Ne5 12. Qa4+ b5 13. Qe4 Bb7 14. Qxb7
Rb8 15. e7 Kxe7 16. Qd5 c2 17. Nc3 h6 18. Re1 Kf6 19. Qe6# 1-0

[Event "Druga liga Srbije grupa Vojvodina 2011"]
[Site "Vrbas"]
[Date "2011.09.26"]
[Round "2.4"]
[White "Indjic, Aleksandar"]
[Black "Ratkovic, Milovan"]
[Result "1-0"]
[WhiteElo "2391"]
[BlackElo "2177"]
[PlyCount "57"]
[EventDate "2011.09.25"]

1. d4 d5 2. c4 e6 3. Nc3 Nf6 4. cxd5 exd5 5. Bg5 Nbd7 6. e3 c6 7. Bd3 Be7 8.
Qc2 O-O 9. Nge2 Re8 10. O-O Nf8 11. f3 c5 12. Kh1 g6 13. dxc5 Ne6 14. Bxf6 Bxf6
15. Bb5 Re7 16. Rad1 Nc7 17. e4 Nxb5 18. Nxb5 Qa5 19. Nd6 Qxa2 20. Nc3 Bxc3 21.
Qxc3 d4 22. Qxd4 Be6 23. b4 Qa4 24. f4 Qd7 25. Qf6 Bb3 26. Nf5 gxf5 27. Rxd7
Rxd7 28. exf5 Rad8 29. h3 1-0

[Event "Druga liga Srbije grupa Vojvodina 2011"]
[Site "Vrbas"]
[Date "2011.09.26"]
[Round "2.4"]
[White "Ratkovic, Miloje"]
[Black "Cerovic, Danilo"]
[Result "1/2-1/2"]
[WhiteElo "2135"]
[BlackElo "2305"]
[PlyCount "46"]
[EventDate "2011.09.25"]

1. d4 Nf6 2. Nf3 g6 3. c4 Bg7 4. Nc3 d5 5. e3 O-O 6. Be2 c5 7. O-O cxd4 8. exd4
Nc6 9. Ne5 dxc4 10. Nxc6 bxc6 11. Bxc4 Nd5 12. Be3 Be6 13. Bxd5 Bxd5 14. Nxd5
cxd5 15. b4 Qb6 16. Qd2 a5 17. a3 Rfb8 18. h3 axb4 19. axb4 Rxa1 20. Rxa1 Bf6
21. Rc1 h5 22. Bf4 Ra8 23. Rc5 Ra4 1/2-1/2

[Event "Druga liga Srbije grupa Vojvodina 2011"]
[Site "Vrbas"]
[Date "2011.09.26"]
[Round "2.4"]
[White "Elez, Nikola"]
[Black "Bucan, Vladimir"]
[Result "1-0"]
[WhiteElo "2155"]
[BlackElo "2104"]
[PlyCount "99"]
[EventDate "2011.09.25"]

1. e4 e5 2. Nf3 Nc6 3. Bc4 Nf6 4. Nc3 Bc5 5. d3 O-O 6. Bg5 a6 7. Nd5 Be7 8.
Nxe7+ Qxe7 9. Qd2 d6 10. O-O-O Be6 11. Rhe1 Bxc4 12. dxc4 Qe6 13. b3 b5 14.
Bxf6 Qxf6 15. c3 Rfb8 16. Re2 a5 17. cxb5 Rxb5 18. Qd3 Rab8 19. Nd2 a4 20. b4
Nd8 21. a3 Ne6 22. g3 c5 23. Nc4 cxb4 24. axb4 Rd8 25. h4 h6 26. Red2 Rbb8 27.
Qc2 Rdc8 28. Qa2 Qf3 29. Rd3 Qg4 30. Nxd6 Rc7 31. Qxa4 Nd4 32. Kb2 Qe6 33. Nf5
Nxf5 34. Rd8+ Rxd8 35. Rxd8+ Kh7 36. exf5 Qxf5 37. Rd2 Qf3 38. Qc2+ e4 39. Rd4
f5 40. b5 Rb7 41. Rb4 g6 42. c4 Ra7 43. Rb3 Qh1 44. Ra3 Rb7 45. Ra8 Qf1 46. Ra6
Rc7 47. Rc6 Rb7 48. b6 Rb8 49. Rc7+ Kg8 50. b7 1-0

[Event "Druga liga Srbije grupa Vojvodina 2011"]
[Site "Vrbas"]
[Date "2011.09.26"]
[Round "2.4"]
[White "Petrovic, Lazar"]
[Black "Subotic, Srbislav"]
[Result "1-0"]
[WhiteElo "2113"]
[BlackElo "2177"]
[PlyCount "47"]
[EventDate "2011.09.25"]

1. d4 Nf6 2. c4 c5 3. Nf3 cxd4 4. Nxd4 e6 5. Nc3 Bb4 6. Qc2 Nc6 7. e3 d5 8. a3
Be7 9. cxd5 Nxd4 10. exd4 exd5 11. Bd3 O-O 12. O-O Be6 13. Bf4 Rc8 14. Qe2 a6
15. Rfe1 Re8 16. Rac1 Qd7 17. Be5 Ng4 18. Bf4 Bf6 19. h3 g5 20. Bd2 Bf5 21.
Bxf5 Rxe2 22. Bxd7 Rxd2 23. Bxc8 Nxf2 24. Re2 1-0

[Event "Druga liga Srbije grupa Vojvodina 2011"]
[Site "Vrbas"]
[Date "2011.09.26"]
[Round "2.4"]
[White "Zobenica, Ivan"]
[Black "Zivkovic, Negosim"]
[Result "1-0"]
[WhiteElo "2034"]
[BlackElo "2248"]
[PlyCount "123"]
[EventDate "2011.09.25"]

1. e4 c5 2. Nf3 d6 3. d4 cxd4 4. Nxd4 Nf6 5. Nc3 g6 6. Be2 Bg7 7. Be3 Nc6 8.
O-O O-O 9. h3 Bd7 10. Rb1 a6 11. a4 Rc8 12. Nxc6 Bxc6 13. f3 Qc7 14. Bd4 Rfd8
15. Qe1 e5 16. Bf2 d5 17. exd5 Nxd5 18. Nxd5 Bxd5 19. c4 Be6 20. a5 Qc6 21. b4
Bxc4 22. Bxc4 Qxc4 23. Bb6 Re8 24. Qd2 Bf8 25. Rfd1 Qb5 26. Qd7 Qe2 27. Rd2 Qc4
28. Qxb7 Bxb4 29. Rd7 Bf8 30. Rbd1 Bh6 31. h4 Bf4 32. Bf2 Rb8 33. Qa7 h5 34. g3
Bh6 35. R1d5 Rb1+ 36. Rd1 Rxd1+ 37. Rxd1 Qe2 38. Qd7 Rb8 39. Qd3 Qxd3 40. Rxd3
Rb5 41. Bb6 Bf8 42. Rd8 Kg7 43. Ra8 Bc5+ 44. Bxc5 Rxc5 45. Rxa6 Rc2 46. Rb6 Ra2
47. a6 Kf8 48. Kf1 Kg7 49. Ke1 Kf8 50. Kd1 Ke8 51. Kc1 Kd8 52. Kb1 Ra5 53. Kc2
Kc7 54. Rf6 Kb8 55. Kd3 Ra4 56. Rxf7 Rxa6 57. Ke4 Kc8 58. Kxe5 Kd8 59. Rf6 Ra5+
60. Kf4 Ra4+ 61. Kg5 Ra1 62. Rxg6 1-0

[Event "Druga liga Srbije grupa Vojvodina 2011"]
[Site "Vrbas"]
[Date "2011.09.26"]
[Round "2.5"]
[White "Luketa, Milan"]
[Black "Galyas, Miklos"]
[Result "1/2-1/2"]
[WhiteElo "2121"]
[BlackElo "2458"]
[PlyCount "95"]
[EventDate "2011.09.25"]

1. e4 e6 2. d4 d5 3. exd5 exd5 4. Nf3 Bd6 5. h3 Ne7 6. Bd3 O-O 7. O-O Ng6 8.
Re1 Nf4 9. Bxf4 Bxf4 10. Nbd2 Nc6 11. c3 Ne7 12. Qc2 Ng6 13. Nf1 Qf6 14. N1h2
Bd6 15. Re3 c5 16. Ng4 Qd8 17. Nge5 Qc7 18. Rae1 b6 19. Qb1 Bb7 20. h4 Bxe5 21.
Nxe5 Rfe8 22. h5 Nf8 23. Qd1 Re6 24. Bf5 Re7 25. Qf3 Rae8 26. Ng4 Rxe3 27. fxe3
Qe7 28. Ne5 Qf6 29. Qh3 Re7 30. Rf1 Qg5 31. Rf3 cxd4 32. cxd4 Rc7 33. Rg3 Qf6
34. Qg4 Ba6 35. Nd7 Nxd7 36. Bxd7 Be2 37. Qxe2 Rxd7 38. Qc2 Rd8 39. Rf3 Qe6 40.
Qc7 Rc8 41. Qxa7 h6 42. Qb7 Rc1+ 43. Kh2 Qd6+ 44. Rf4 f6 45. Qa8+ Kh7 46. Qe8
Re1 47. Qg6+ Kg8 48. Qe8+ 1/2-1/2

[Event "Druga liga Srbije grupa Vojvodina 2011"]
[Site "Vrbas"]
[Date "2011.09.26"]
[Round "2.5"]
[White "Vlahovic, Bogdan"]
[Black "Kracunov, Bozidar"]
[Result "1-0"]
[WhiteElo "2356"]
[BlackElo "2078"]
[PlyCount "91"]
[EventDate "2011.09.25"]

1. Nf3 Nf6 2. c4 c5 3. b3 e6 4. Bb2 Nc6 5. g3 Be7 6. Bg2 d5 7. O-O O-O 8. cxd5
exd5 9. d4 h6 10. Nc3 Be6 11. Rc1 cxd4 12. Nxd4 Nxd4 13. Qxd4 Qd7 14. Rfd1 Rfd8
15. e3 b6 16. Na4 Rac8 17. f3 Rxc1 18. Rxc1 Rc8 19. Bf1 Rxc1 20. Bxc1 Qc6 21.
Qd2 Bb4 22. Qxb4 Qxc1 23. Qc3 Qd1 24. Kf2 Bg4 25. Bg2 Bd7 26. Nb2 Qa1 27. a4 b5
28. Bf1 b4 29. Qc2 Bf5 30. Nd3 d4 31. e4 Be6 32. Nxb4 d3 33. Nxd3 Qd4+ 34. Kg2
Nxe4 35. fxe4 Qxe4+ 36. Kf2 Qd4+ 37. Ke1 Qe3+ 38. Qe2 Qxe2+ 39. Bxe2 Bxb3 40.
a5 g5 41. Nb4 Ba4 42. Bf3 Kf8 43. Nc6 g4 44. Bg2 a6 45. Nb4 Bb5 46. Bf1 1-0

[Event "Druga liga Srbije grupa Vojvodina 2011"]
[Site "Vrbas"]
[Date "2011.09.26"]
[Round "2.5"]
[White "Mijatovic, Dejan"]
[Black "Farkas, Miso"]
[Result "1-0"]
[WhiteElo "2276"]
[BlackElo "2132"]
[PlyCount "97"]
[EventDate "2011.09.25"]

1. d4 b5 2. e4 c6 3. Bd3 g6 4. Ne2 Bg7 5. O-O Nf6 6. c3 a5 7. Nf4 d6 8. d5 b4
9. Re1 O-O 10. h3 Ba6 11. Bxa6 Rxa6 12. c4 Nfd7 13. Nd3 Qc7 14. Nd2 Ne5 15.
Nxe5 Bxe5 16. Rb1 Nd7 17. b3 Rfa8 18. Nf3 Bg7 19. Nd4 c5 20. Nb5 Qd8 21. Bb2 a4
22. Bxg7 Kxg7 23. f4 f6 24. Re3 axb3 25. axb3 Ra2 26. h4 Qc8 27. Qf3 Ra1 28.
Rxa1 Rxa1+ 29. Kh2 h6 30. Qg4 Nb6 31. Qg3 Nd7 32. Qh3 Nb6 33. e5 Qxh3+ 34. Kxh3
fxe5 35. fxe5 dxe5 36. Rxe5 Kf7 37. d6 exd6 38. Nxd6+ Kf8 39. Re8+ Kg7 40. Rb8
Na8 41. Ne4 Ra5 42. g3 h5 43. Nxc5 Rxc5 44. Rxa8 Kf6 45. Rb8 Ke5 46. Rxb4 Kd4
47. Rb6 g5 48. hxg5 Rxg5 49. Rb5 1-0

[Event "Druga liga Srbije grupa Vojvodina 2011"]
[Site "Vrbas"]
[Date "2011.09.26"]
[Round "2.5"]
[White "Tomin, Nenad"]
[Black "Lalic, Dragan"]
[Result "0-1"]
[WhiteElo "1820"]
[BlackElo "2308"]
[PlyCount "60"]
[EventDate "2011.09.25"]

1. e4 d6 2. d4 Nf6 3. Nc3 g6 4. f4 Bg7 5. Nf3 O-O 6. Be2 c5 7. d5 b5 8. e5 dxe5
9. fxe5 Ng4 10. Bxb5 Nxe5 11. Nxe5 Bxe5 12. Bh6 Bg7 13. Bxg7 Kxg7 14. O-O Nd7
15. d6 exd6 16. Qxd6 Qb6 17. Qe7 Nf6 18. Bc4 Bf5 19. Bb5 Rfe8 20. Bxe8 Rxe8 21.
Na4 Rxe7 22. Nxb6 axb6 23. c3 Bd3 24. Rfe1 Ne4 25. a4 f5 26. g3 Ra7 27. Kg2 Bc2
28. a5 bxa5 29. h3 a4 30. Re2 Bb3 0-1

[Event "Druga liga Srbije grupa Vojvodina 2011"]
[Site "Vrbas"]
[Date "2011.09.26"]
[Round "2.5"]
[White "Sevo, Dusan"]
[Black "Erski, Dragan"]
[Result "1-0"]
[WhiteElo "2268"]
[BlackElo "2167"]
[PlyCount "109"]
[EventDate "2011.09.25"]

1. e4 c5 2. Nf3 d6 3. d4 cxd4 4. Nxd4 Nf6 5. Nc3 a6 6. f3 e6 7. Be3 Be7 8. Qd2
O-O 9. O-O-O b5 10. g4 Bb7 11. Kb1 Nbd7 12. Rg1 Nb6 13. Qf2 Nfd7 14. g5 Rc8 15.
Bd3 Rxc3 16. bxc3 Na4 17. Bd2 Qc7 18. Qe1 Rc8 19. f4 e5 20. Nf5 Bd8 21. fxe5
Nxe5 22. Rg3 Qc5 23. Bf1 b4 24. c4 Nxc4 25. Bxb4 Qe5 26. Rb3 Bxe4 27. Bd3 d5
28. Nd6 Nxd6 29. Bxd6 Nc3+ 30. Rxc3 Qxc3 31. Bxe4 Qxe1 32. Rxe1 dxe4 33. h4 Rc4
34. Kb2 f5 35. Kb3 Rc6 36. Rd1 Bb6 37. c4 Bf2 38. Be5 e3 39. Rd8+ Kf7 40. Bd4
Re6 41. h5 f4 42. Bc5 Re8 43. g6+ hxg6 44. hxg6+ Kxg6 45. Rxe8 Kf5 46. Kc3 g5
47. Kd3 g4 48. Rf8+ Kg5 49. Be7+ Kg6 50. Rxf4 g3 51. Rg4+ Kf5 52. Rg8 Kf4 53.
Bd6+ Kf3 54. Bxg3 e2 55. Bxf2 1-0

[Event "Druga liga Srbije grupa Vojvodina 2011"]
[Site "Vrbas"]
[Date "2011.09.26"]
[Round "2.6"]
[White "Somborski, Nebojsa"]
[Black "Vuckov, Branislav"]
[Result "1-0"]
[WhiteElo "2355"]
[BlackElo "1951"]
[PlyCount "48"]
[EventDate "2011.09.25"]

1. e4 e5 2. Nf3 d6 3. d4 exd4 4. Nxd4 g6 5. Nc3 Bg7 6. Be3 a6 7. Qd2 Ne7 8. h4
h5 9. O-O-O b5 10. Be2 Bb7 11. Bf3 Nd7 12. Bg5 Ne5 13. Nd5 Bxd5 14. exd5 Qd7
15. c3 O-O 16. Nc6 N7xc6 17. dxc6 Qf5 18. Bd5 Kh7 19. Qc2 Qc8 20. Rhe1 f6 21.
Bd2 f5 22. Bg5 Re8 23. Qd2 a5 24. f4 Nc4 1-0

[Event "Druga liga Srbije grupa Vojvodina 2011"]
[Site "Vrbas"]
[Date "2011.09.26"]
[Round "2.6"]
[White "Rajic, Dobrivoje"]
[Black "Vukic, Radivoj"]
[Result "0-1"]
[WhiteElo "2120"]
[BlackElo "2336"]
[PlyCount "66"]
[EventDate "2011.09.25"]

1. d4 Nf6 2. Nf3 d5 3. c4 c6 4. Nc3 a6 5. cxd5 cxd5 6. g3 Nc6 7. Bg2 Bf5 8. a3
e6 9. O-O Bd6 10. b4 h6 11. Bb2 O-O 12. e3 b5 13. Nd2 Qb6 14. e4 Bg4 15. Qb1
Nxd4 16. exd5 exd5 17. Nxd5 Nxd5 18. Bxd5 Rad8 19. Qe4 Ne2+ 20. Kg2 Bf4 21.
gxf4 Rxd5 22. Nf3 Rd3 23. Ne5 Qe6 24. f5 Bh3+ 25. Kh1 Qd5 26. Qxd5 Rxd5 27.
Rfe1 Rd2 28. Bc1 Rc2 29. f6 Rfc8 30. Be3 gxf6 31. Rg1+ Nxg1 32. Rxg1+ Kh7 33.
Nxf7 Be6 0-1

[Event "Druga liga Srbije grupa Vojvodina 2011"]
[Site "Vrbas"]
[Date "2011.09.26"]
[Round "2.6"]
[White "Remecki, Sinisa"]
[Black "Nadj, Vladimir"]
[Result "1-0"]
[WhiteElo "2229"]
[BlackElo "2156"]
[PlyCount "83"]
[EventDate "2011.09.25"]

1. d4 Nf6 2. Bg5 g6 3. Nc3 Bg7 4. e4 d6 5. f3 c6 6. Qd2 Qa5 7. Nge2 Nbd7 8. h4
h6 9. Be3 h5 10. a3 b5 11. Nf4 a6 12. Nd3 Qc7 13. Rd1 O-O 14. Be2 c5 15. dxc5
Nxc5 16. Nxc5 dxc5 17. Nd5 Nxd5 18. Qxd5 Be6 19. Qxc5 Qxc5 20. Bxc5 Bxb2 21.
Bxe7 Rfc8 22. Bd3 Ra7 23. Bd6 Rc6 24. e5 Rd7 25. O-O Rcxd6 26. exd6 Rxd6 27.
Be4 Rb6 28. Rd3 Bc4 29. Rd8+ Kg7 30. Bd3 Be6 31. Re8 Bxa3 32. Ra8 Bd5 33. Ra7
Bb7 34. Be4 Bc8 35. Bd5 Be6 36. Bxe6 Rxe6 37. Kh2 Bb4 38. Rd1 Bc5 39. Rb7 Bb6
40. Rbd7 Rf6 41. Kh3 Bf2 42. R1d2 1-0

[Event "Druga liga Srbije grupa Vojvodina 2011"]
[Site "Vrbas"]
[Date "2011.09.26"]
[Round "2.6"]
[White "Zolotic, Zoran"]
[Black "Sukovic, Srdjan"]
[Result "1-0"]
[WhiteElo "2238"]
[BlackElo "1972"]
[PlyCount "93"]
[EventDate "2011.09.25"]

1. Nf3 Nf6 2. c4 e6 3. g3 d5 4. Bg2 Be7 5. O-O O-O 6. d4 dxc4 7. Ne5 Nc6 8.
Nxc6 bxc6 9. Bxc6 Rb8 10. Nc3 Bb7 11. Bxb7 Rxb7 12. e4 c5 13. d5 Rd7 14. Qe2
exd5 15. exd5 Nxd5 16. Qxc4 Nxc3 17. Qxc3 Rd3 18. Qc2 Rd5 19. Be3 Qd7 20. Rad1
Rd8 21. Rxd5 Qxd5 22. b3 Qd3 23. Qxd3 Rxd3 24. Rc1 Rd5 25. Rc4 f5 26. Kf1 Kf7
27. Ke2 Ke6 28. Ra4 Rd7 29. Ra5 Rc7 30. Kd3 g6 31. Kc4 Rd7 32. h4 Rb7 33. Ra6+
Kd7 34. Bxc5 Bxc5 35. Kxc5 Rc7+ 36. Kd4 Kc8 37. h5 Rc2 38. Rxa7 Rxf2 39. h6 Rh2
40. Rxh7 g5 41. Ke5 f4 42. gxf4 gxf4 43. Kxf4 Kb8 44. a4 Rf2+ 45. Ke5 Re2+ 46.
Kd4 Rd2+ 47. Kc3 1-0